00000000nam 2200000zi 4500
0019.893223
003CaOODSP
00520230601073929
006m     o  d f      
007cr |n|||||||||
008201104e19790331onc|||| ob   f00| 0|eng d
040 |aCaOODSP|beng|erda|cCaOODSP
043 |an-cn---
0861 |aRG31-70/1979E-PDF
1001 |aQuelch, John A., |eauthor.
24510|aImposed choice purchases of energy using equipment for installation in new housing / |csubmitted by Dr. John A. Quelch.
264 1|aOttawa, Ontario : |bConsumer Research and Evaluation Branch, Consumer and Corporate Affairs Canada, |cMarch 31, 1979.
300 |a1 online resource (1 volume (various pagings))
336 |atext|btxt|2rdacontent
337 |acomputer|bc|2rdamedia
338 |aonline resource|bcr|2rdacarrier
500 |aDigitized edition from print [produced by Innovation, Science and Economic Development Canada].
504 |aIncludes bibliographical references.
520 |a"This report contains the findings of an investigation into the decision making processes used by intermediaries, such as builders, and utilities, in their purchases of energy using equipment for installation in new housing. In addition to reporting the results of clinical and survey research in this area, the study evaluates alternative policy options in terms of the likelihood of their implementation leading to reduced energy consumption in the residential sector"--Abstract.
650 0|aHousehold appliances, Electric|xEnergy consumption|zCanada.
650 6|aAppareils électroménagers|xConsommation d'énergie|zCanada.
7101 |aCanada. |bConsumer and Corporate Affairs Canada, |eissuing body.
85640|qPDF|s4.01 MB|uhttps://publications.gc.ca/collections/collection_2023/isde-ised/RG31-70-1979-eng.pdf